| 000 | 00651nam a22002177a 4500 | ||
|---|---|---|---|
| 001 | 1700 | ||
| 005 | 20230918085646.0 | ||
| 020 | _a9780590486811 | ||
| 040 |
_aFISKH _beng _cFISKH _dFISKH |
||
| 050 | _aQB500.B43 | ||
| 082 | _a520 | ||
| 100 | _aBeasant, Pam | ||
| 245 |
_a1000 facts about space / _cPam Beasant |
||
| 260 |
_aNew York : _bScholastic, _c2010 |
||
| 300 |
_a47 pages : _c28 cm |
||
| 505 | _aQ | ||
| 520 | _aText and illustrations present information about such space-related topics as gallaxies, stars, the planets, moon landings, and modern astronomy. | ||
| 521 |
_a870
_bLexile IG |
||
| 521 |
_aQ
_bRaz-Plus |
||
| 942 |
_2ddc _cBK _n0 |
||
| 999 |
_c1700 _d1700 |
||